00498cam a22001577a 4500008004000000020001500040082001500055100001600070245003800086260002400124300001000148650004200158650004200200650004800242650005000290180718b1998 xxu||||| |||| 00| 0 eng d a8122004997 aDx54 D642a aDixit, J.N. aAssignment Colombocby J.N. Dixit aDelhibKonarkc1998 a393p. aSri Lanka --Foreign relations --India aIndia --Foreign relations --Sri Lanka aSri Lanka --Politics and government --1978- aIndia. Treaties, etc. Sri Lanka, 1987 July 29